000
003000000a22001090004500
100
1
_a
Sánchez Cetina, Edesio
245
1
0
_a
"íNo se la dejéis a la serpiente...!"
300
_a
Vol.49, núm.210 (1994), Páginas 24-27
650
1
4
_a
BIBLIA-CAÍDA
773
0
_t
La Biblia en las Américas
942
_c
ANA
999
_c
62919
_d
62919